Pikošky v osemsmerovkách

Bibliographic Details
Format: Journal
Language:Slovak
PhysicalDescription:zv. 21 cm
Published: Prievidza Subakoprint 2012-
Bratislava Krížovkársky-raj s.r.o.
Prievidza Krížovkársky-raj, s.r.o.
ISSN:1338-7413
Subjects:

MARC

LEADER 00000cas a2200000 a 4500
001 vtls010497471
003 SK-MaSNL
005 20260228161216.0
008 130315c20129999xo br|p 0 0slo
022 |a 1338-7413 
040 |a SNK  |b slo  |c SNK  |e AACR2 
041 0 |a slo 
044 |a xo  |c SK 
072 7 |a 793  |x Spoločenské zábavy  |2 konspekt 
080 |a 793.7  |2 2011 
080 |a 050  |2 2011 
080 |a 379.8(051)  |2 2011 
210 0 |a Pikošky osemsmer. 
222 0 |a Pikošky v osemsmerovkách 
245 0 0 |a Pikošky v osemsmerovkách 
260 |a Prievidza  |b Subakoprint  |c 2012- 
260 3 |3 5/2018-  |a Bratislava  |b Krížovkársky-raj s.r.o. 
260 2 |3 2018-4/2018  |a Prievidza  |b Krížovkársky-raj, s.r.o. 
300 |a zv.  |c 21 cm 
310 |a 6x ročne 
362 0 |a Č. 1 (jan./febr. 2012)-č. 2 (mar./apríl 2016) ; roč. 5, č.3 (máj/jún 2016)- 
500 |a Podnázov v tiráži: dvojmesačník 
500 |a Zodp. red.: 1/2012-, Roman Baťala 
500 |a Evidenčné číslo: EV 4524/12 
500 |a Roky 2019, 2020 majú uvedené rovnaké ročníky s r. 2021, 2022 
650 0 7 |a krížovky  |2 SNKPH  |9 3313 
650 0 7 |a osemsmerovky  |2 SNKPH  |9 265590 
655 7 |a časopisy pre voľný čas  |2 SNKPH  |9 70337 
700 1 |a Baťala, Roman  |4 lso  |9 265591 
910 |a snk 
999 |c 4675  |d 6605 
952 |0 0  |1 0  |4 0  |7 0  |8 0  |a SNK  |b SNK  |d 2024-03-08  |i snk2024/4009  |l 0  |o snkČSC 3818/10/2023  |p 17A1522791  |r 2026-02-21 19:41:41  |t č. 1-6  |w 2026-02-21  |y PREZ 
952 |0 0  |1 0  |4 0  |7 0  |8 0  |a SNK  |b SNK  |d 2023-12-06  |i snk2023/17857  |l 0  |o snkČSC 3818/8/2021  |p 17A1522201  |r 2026-02-21 19:48:41  |t č. 1-6  |w 2026-02-21  |y PREZ  |z Chybný ročník má byť 10 
952 |0 0  |1 0  |4 0  |7 0  |8 0  |a SNK  |b SNK  |d 2023-12-06  |i snk2023/17858  |l 0  |o snkČSC 3818/9/2022  |p 17A1522202  |r 2026-02-21 19:48:41  |t č. 1-6  |w 2026-02-21  |y PREZ  |z Chybný ročník má byť 11 
952 |0 0  |1 0  |4 0  |7 0  |8 0  |a SNK  |b SNK  |d 2022-01-04  |i snk2022/125  |l 0  |o snkČSC 3818/9/2020  |p 17A1436309  |r 2026-02-21 19:59:25  |t č. jan.-dec.  |w 2026-02-21  |y PREZ  |z V č. marec-dec./2020 je uvedený chybný ročník (7). 
952 |0 0  |1 0  |4 0  |7 0  |8 0  |a SNK  |b SNK  |d 2018-04-18  |i snk2018/8778  |l 0  |o snkČSC 3818/2012  |p 17A1324599  |r 2026-02-21 21:57:22  |t č. jan.-dec.  |w 2026-02-21  |y PREZ 
952 |0 0  |1 0  |4 0  |7 0  |8 0  |a SNK  |b SNK  |d 2018-04-18  |i snk2018/8791  |l 0  |o snkČSC 3818/2013  |p 17A1324598  |r 2026-02-21 21:57:22  |t č. jan.-dec.  |w 2026-02-21  |y PREZ 
952 |0 0  |1 0  |4 0  |7 0  |8 0  |a SNK  |b SNK  |d 2018-04-18  |i snk2018/8793  |l 0  |o snkČSC 3818/2014  |p 17A1324597  |r 2026-02-21 21:57:22  |t č. jan.-dec., neúplné  |w 2026-02-21  |y PREZ  |z Chýba č. máj-jún 
952 |0 0  |1 0  |4 0  |7 0  |8 0  |a SNK  |b SNK  |d 2018-04-18  |i snk2018/8797  |l 0  |o snkČSC 3818/2015  |p 17A1324596  |r 2026-02-21 21:57:22  |t č. jan.-dec.  |w 2026-02-21  |y PREZ 
952 |0 0  |1 0  |4 0  |7 0  |8 0  |a SNK  |b SNK  |d 2018-04-18  |i snk2018/8801  |l 0  |o snkČSC 3818/5/2016  |p 17A1324595  |r 2026-02-21 21:57:23  |t č. jan.-dec.  |w 2026-02-21  |y PREZ 
952 |0 0  |1 0  |4 0  |7 0  |8 0  |a SNK  |b SNK  |d 2018-04-18  |i snk2018/8802  |l 0  |o snkČSC 3818/6/2017  |p 17A1324594  |r 2026-02-21 21:57:23  |t č. jan.-dec.  |w 2026-02-21  |y PREZ 
952 |0 0  |1 0  |4 0  |7 0  |8 0  |a SNK  |b SNK  |d 2020-01-15  |i snk2020/779  |l 0  |o snkČSC 3818/7/2018  |p 17A1385836  |r 2026-02-21 22:22:12  |t č. jan.-dec.  |w 2026-02-21  |y PREZ 
952 |0 0  |1 0  |4 0  |7 0  |8 0  |a SNK  |b SNK  |d 2020-01-15  |i snk2020/783  |l 0  |o snkČSC 3818/8/2019  |p 17A1385835  |r 2026-02-21 22:22:12  |t č. jan.-dec.  |w 2026-02-21  |y PREZ